Theory of Equitable Taxation Normative Foundation and Distributive Consequences of Income Taxation

Saved in:
Bibliographic Details
Main Author: Brunner, Johann K.
Format: Book
Language:English
Published: Berlin Springer 1989
Edition:1. ed.
Tags: Add Tag
No Tags, Be the first to tag this record!

MARC

LEADER 00000nam a2200000 4500
001 c033128
005 20250515101342.8
041 0 |a eng 
044 |a DE 
245 1 0 |a Theory of Equitable Taxation  |b Normative Foundation and Distributive Consequences of Income Taxation  |c Johann K. Brunner 
250 |a 1. ed. 
264 1 |a Berlin  |b Springer  |c 1989 
300 |a 217 s. 
100 1 |a Brunner, Johann K.